Principios básicos de la luz
Saved in:
| Format: | Book |
|---|---|
| Language: | Spanish |
| Tags: |
Add Tag
No Tags, Be the first to tag this record!
|
MARC
| LEADER | 00000nam a2200000Ia 4500 | ||
|---|---|---|---|
| 003 | MV0097 | ||
| 005 | 20221231143951.0 | ||
| 008 | 140114s cr a 000 ||spa d | ||
| 040 | |c cru CEDI | ||
| 090 | |a MV 97 | ||
| 245 | |a Principios básicos de la luz | ||
| 300 | |a 41 páginas | ||
| 942 | |c MX | ||
| 999 | |c 14933 |d 14933 | ||
